[Event "HZ Chess Tournament 2019"]
[Site "Vlissingen"]
[Date "2019.08.08"]
[Round "7.5"]
[White "Ortiz Suarez, Isan Reynald"]
[Black "Stillger, Bernhard"]
[Result "1/2-1/2"]
[WhiteElo "2551"]
[BlackElo "2271"]
[PlyCount "104"]
[EventCountry "NED"]

1. Nf3 Nf6 2. c4 e6 3. g3 d5 4. Bg2 Be7 5. O-O O-O 6. d4 dxc4 7. Ne5 Nc6 8.
Nxc6 bxc6 9. Na3 Bxa3 10. bxa3 Ba6 11. Qd2 Rb8 12. Qa5 Qc8 13. a4 Rd8 14. Rd1
c3 15. Qxc3 Bxe2 16. Re1 Qa6 17. Bg5 Qc4 18. Qa5 Qxd4 19. Be3 Qc4 20. Bg5 Qd4
21. Rac1 Bd3 22. Be3 Qb4 23. Qxb4 Rxb4 24. Bxc6 Nd5 25. Bxa7 h5 26. Red1 Ba6
27. Rd2 Rc4 28. Rxc4 Bxc4 29. Bb7 Ba6 30. Bxa6 Ra8 31. Bb7 Rxa7 32. Bxd5 exd5
33. Rxd5 Rxa4 34. Rxh5 Rxa2 35. Rc5 Ra7 36. h4 g6 37. Kg2 Kg7 38. g4 Ra4 39.
Kg3 Ra3+ 40. f3 Ra7 41. Rc6 Rb7 42. g5 Ra7 43. Kg4 Ra4+ 44. Kg3 Ra7 45. Rc4 Rb7
46. Kg4 Ra7 47. f4 Ra1 48. h5 Rg1+ 49. Kf3 gxh5 50. Rxc7 h4 51. Rc6 h3 52. Rh6
f6 1/2-1/2

[Event "HZ Chess Tournament 2019"]
[Site "Vlissingen"]
[Date "2019.08.08"]
[Round "7.7"]
[White "Baarslag, Ed"]
[Black "Hausrath, Daniel"]
[Result "0-1"]
[WhiteElo "2193"]
[BlackElo "2502"]
[PlyCount "112"]
[EventCountry "NED"]

1. d4 Nf6 2. Nf3 b6 3. Bf4 Bb7 4. e3 Nh5 5. Bg5 h6 6. Bh4 g5 7. Nfd2 Ng7 8. Bg3
Nf5 9. Nf3 Nxg3 10. hxg3 e6 11. Nbd2 Bg7 12. Bd3 Qe7 13. g4 d6 14. Qe2 Nd7 15.
Ne4 Rf8 16. Nfd2 a5 17. O-O-O Kd8 18. f3 Kc8 19. Ng3 Rd8 20. Kb1 Kb8 21. c4 c5
22. Be4 Ra7 23. Bxb7 Rxb7 24. Nde4 Rc7 25. Nc3 Rcc8 26. Nb5 Nf6 27. e4 cxd4 28.
Nxd4 Ne8 29. Qd3 Qc7 30. Nh5 Be5 31. Rc1 Qc5 32. Nb3 Qb4 33. a3 Qa4 34. Qe3 Kb7
35. g3 Rxc4 36. Rxc4 Qxc4 37. Rc1 Qb5 38. Nd4 Bxd4 39. Qxd4 Rc8 40. Rxc8 Kxc8
41. Qh8 Kd7 42. Qc3 Ke7 43. Qe3 Qc5 44. Qd3 Nc7 45. Ka2 b5 46. Kb1 Qg1+ 47. Ka2
Qc1 48. b3 a4 49. bxa4 bxa4 50. f4 Qc5 51. f5 Nb5 52. Kb2 Qe5+ 53. Kc2 Nd4+ 54.
Kd2 Nb3+ 55. Ke3 Qc5+ 56. Kf3 Nd4+ 0-1

[Event "HZ Chess Tournament 2019"]
[Site "Vlissingen"]
[Date "2019.08.08"]
[Round "7.10"]
[White "Grooten, Herman"]
[Black "Stange, Sven"]
[Result "1/2-1/2"]
[WhiteElo "2374"]
[BlackElo "2161"]
[PlyCount "105"]
[EventCountry "NED"]

1. d4 Nf6 2. c4 e6 3. Nf3 b6 4. g3 Ba6 5. Qa4 Bb7 6. Bg2 c5 7. dxc5 Bxc5 8. Nc3
O-O 9. Bf4 d5 10. Rd1 Qe7 11. O-O dxc4 12. Qxc4 Nd5 13. Bg5 Qc7 14. Nxd5 Bxd5
15. Qh4 Nc6 16. a3 Ne7 17. Bf4 Qb7 18. Qh5 a5 19. Bd2 a4 20. Bc3 f6 21. Qh3 Qc8
22. Rc1 e5 23. Qxc8 Raxc8 24. Nd2 Bxg2 25. Kxg2 Nd5 26. Ne4 Be7 27. Rfd1 Rfd8
28. g4 Kf7 29. Kf3 Ke6 30. Rd3 g6 31. Ng3 Nf4 32. Rxd8 Rxd8 33. Be1 f5 34.
gxf5+ gxf5 35. Rc6+ Rd6 36. Rxd6+ Bxd6 37. e4 fxe4+ 38. Nxe4 Bc5 39. Bc3 Kf5
40. Ng3+ Ke6 41. Ke4 Bxf2 42. Bxe5 Bxg3 43. hxg3 Nd5 44. Kd4 b5 45. Bg7 b4 46.
axb4 Nxb4 47. Bf8 Nd5 48. Bh6 Nf6 49. Kc4 Ne4 50. Bf4 Nf2 51. g4 Nxg4 52. Kb4
Nf2 53. Kxa4 1/2-1/2

[Event "HZ Chess Tournament 2019"]
[Site "Vlissingen"]
[Date "2019.08.08"]
[Round "7.13"]
[White "Krause, Thomas"]
[Black "Nebolsina, Vera"]
[Result "1/2-1/2"]
[WhiteElo "2062"]
[BlackElo "2269"]
[PlyCount "146"]
[EventCountry "NED"]

1. c4 e5 2. Nc3 Nc6 3. Nf3 Nf6 4. e3 Bb4 5. Qc2 Bxc3 6. Qxc3 Qe7 7. d4 Ne4 8.
Qd3 exd4 9. Nxd4 Nxd4 10. Qxd4 Qb4+ 11. Ke2 Nf6 12. Bd2 Qe7 13. f3 O-O 14. Kf2
c5 15. Qd3 d5 16. cxd5 Nxd5 17. e4 Nc7 18. Be3 b6 19. Rd1 f5 20. exf5 Bxf5 21.
Qd6 Qh4+ 22. Qg3 Qxg3+ 23. Kxg3 Be6 24. a3 Rad8 25. Be2 Bb3 26. Rxd8 Rxd8 27.
Rc1 Kf7 28. h4 Nd5 29. Bg5 Ne7 30. Re1 Nf5+ 31. Kf2 Rd6 32. g4 Nd4 33. Bf1 Re6
34. Rxe6 Kxe6 35. Be3 Kd5 36. Bd3 h6 37. g5 hxg5 38. hxg5 Bd1 39. Be4+ Kc4 40.
Bd2 Bc2 41. Ke3 Bd1 42. Bc3 a5 43. Bxd4 cxd4+ 44. Kd2 Ba4 45. f4 Kc5 46. f5 Kd6
47. f6 gxf6 48. g6 Bb3 49. g7 Bg8 50. Kd3 Ke5 51. Bg6 f5 52. Be8 f4 53. Bg6 Ba2
54. Kc2 Kf6 55. Be4 Kxg7 56. Kd3 Kf6 57. Kxd4 Kg5 58. Kc3 Bf7 59. b4 axb4+ 60.
Kxb4 Be8 61. a4 Kg4 62. a5 bxa5+ 63. Kxa5 Kg3 64. Kb4 Bh5 65. Kc3 Bf3 66. Bc2
Kf2 67. Kd2 Bd5 68. Bd1 Kg3 69. Be2 Bf3 70. Bb5 Kg2 71. Bc4 Be4 72. Be2 f3 73.
Bxf3+ Kg3 1/2-1/2

[Event "HZ Chess Tournament 2019"]
[Site "Vlissingen"]
[Date "2019.08.08"]
[Round "7.14"]
[White "Klepke, Ricardo"]
[Black "Rosmuller, Anton"]
[Result "1-0"]
[WhiteElo "2267"]
[BlackElo "2069"]
[PlyCount "75"]
[EventCountry "NED"]

1. d4 f5 2. c4 Nf6 3. Nf3 d6 4. g3 g6 5. Bg2 Bg7 6. O-O O-O 7. Nc3 Na6 8. b3 c5
9. e3 Rb8 10. Bb2 Bd7 11. Qe2 b6 12. Rfe1 e6 13. Rad1 Qe7 14. e4 fxe4 15. Nxe4
Nxe4 16. Qxe4 cxd4 17. Nxd4 Nc5 18. Qe2 a5 19. Ba3 Rf6 20. f4 Re8 21. Nc6 Bxc6
22. Bxc6 Rd8 23. Qd2 Qc7 24. Bg2 Rff8 25. Kh1 e5 26. Bd5+ Kh8 27. fxe5 Bxe5 28.
Kg2 Qg7 29. Re2 Rf5 30. Rf1 Rdf8 31. Ref2 Rxf2+ 32. Rxf2 Rxf2+ 33. Qxf2 Qf6 34.
Qe2 h5 35. Bc1 Kg7 36. Qe3 g5 37. Qxg5+ Qxg5 38. Bxg5 1-0

[Event "HZ Chess Tournament 2019"]
[Site "Vlissingen"]
[Date "2019.08.08"]
[Round "7.15"]
[White "Kraemer, Max"]
[Black "Afek, Yochanan"]
[Result "0-1"]
[WhiteElo "2041"]
[BlackElo "2248"]
[PlyCount "146"]
[EventCountry "NED"]

1. d4 g6 2. Bf4 Bg7 3. Nc3 d6 4. Qd2 Nd7 5. Nf3 e5 6. dxe5 Nxe5 7. Nxe5 dxe5 8.
Qxd8+ Kxd8 9. Bg5+ f6 10. O-O-O+ Bd7 11. Bh4 Ne7 12. Ne4 Kc8 13. Bxf6 Bxf6 14.
Nxf6 Be6 15. f3 c6 16. Ne4 b6 17. Ng5 Bg8 18. g3 Kc7 19. Bh3 Nf5 20. e4 Nd6 21.
Rd2 h6 22. Rhd1 Rd8 23. Ne6+ Bxe6 24. Bxe6 Rhf8 25. Rd3 b5 26. Bh3 h5 27. c3 g5
28. b3 a5 29. a3 a4 30. bxa4 bxa4 31. Bf1 Rf6 32. Kc2 Rff8 33. Bh3 Nc4 34. Rxd8
Nxa3+ 35. Kc1 Rxd8 36. Rxd8 Kxd8 37. Bf1 Nb5 38. Kb2 Kc7 39. h4 gxh4 40. gxh4
Kb6 41. Bc4 Nd6 42. Be6 Kc5 43. Kc2 Nc4 44. Bf7 Ne3+ 45. Kb2 Ng2 46. Bxh5 Nxh4
47. Ka3 Kc4 48. Kxa4 Kxc3 49. f4 exf4 50. e5 Nf5 51. Bg4 Ne7 52. e6 Kc4 53. Ka5
Kd4 54. Be2 Kd5 55. Bg4 Kd6 56. Kb4 Nd5+ 57. Kb3 Ne3 58. Bf3 c5 59. Kc3 Kxe6
60. Kd3 Ke5 61. Bb7 Nf5 62. Bf3 Nd6 63. Bg2 Kf5 64. Bf3 Kg5 65. Bd5 Kg4 66. Ke2
Kg3 67. Bf3 Nf7 68. Bd5 Ne5 69. Bb7 f3+ 70. Ke3 f2 71. Ke2 c4 72. Be4 c3 73.
Kf1 Nc4 0-1

[Event "HZ Chess Tournament 2019"]
[Site "Vlissingen"]
[Date "2019.08.08"]
[Round "7.17"]
[White "Reichardt, Gert"]
[Black "Timmermans, Ivo"]
[Result "1/2-1/2"]
[WhiteElo "1987"]
[BlackElo "2168"]
[PlyCount "51"]
[EventCountry "NED"]

1. e4 e5 2. Nc3 Nf6 3. Bc4 Nc6 4. d3 Na5 5. Bb3 d6 6. f4 Be7 7. Nf3 Nxb3 8.
axb3 exf4 9. Bxf4 c6 10. O-O O-O 11. Ne2 d5 12. e5 Nh5 13. Be3 c5 14. d4 b6 15.
dxc5 bxc5 16. b4 d4 17. Bf2 Bb7 18. bxc5 Bxf3 19. gxf3 Bxc5 20. Bxd4 Qb6 21.
Qd2 Rfe8 22. Kh1 Rad8 23. c3 Rxe5 24. b4 Bxd4 25. Nxd4 g6 26. Rfe1 1/2-1/2

[Event "HZ Chess Tournament 2019"]
[Site "Vlissingen"]
[Date "2019.08.08"]
[Round "7.18"]
[White "De Zwart, Johan"]
[Black "Duchene, Rene"]
[Result "1/2-1/2"]
[WhiteElo "1989"]
[BlackElo "2157"]
[PlyCount "70"]
[EventCountry "NED"]

1. e4 e6 2. d4 d5 3. Nd2 c5 4. Ngf3 Nf6 5. e5 Nfd7 6. c3 Nc6 7. Bd3 Be7 8. O-O
g5 9. dxc5 g4 10. Nd4 Ndxe5 11. Bb5 Bd7 12. Bxc6 Bxc6 13. f4 Nd3 14. b4 Nxc1
15. Rxc1 Qd7 16. Qe2 Bf6 17. N2b3 a6 18. Nxc6 Qxc6 19. Nd4 Qd7 20. Qxg4 O-O-O
21. Qe2 Qa4 22. Qc2 Bxd4+ 23. cxd4 Qxb4 24. Rfd1 Rd7 25. c6 Rc7 26. cxb7+ Qxb7
27. Qd3 Rxc1 28. Rxc1+ Kd7 29. f5 Qb5 30. fxe6+ fxe6 31. Qg3 Qb8 32. Qg7+ Kd6
33. Qe5+ Kd7 34. Qg7+ Kd6 35. Qe5+ Kd7 1/2-1/2

[Event "HZ Chess Tournament 2019"]
[Site "Vlissingen"]
[Date "2019.08.08"]
[Round "7.19"]
[White "Zevenhuizen, Daniel"]
[Black "Haak, Eelco"]
[Result "1-0"]
[WhiteElo "2152"]
[BlackElo "2003"]
[PlyCount "79"]
[EventCountry "NED"]

1. e4 e6 2. d4 d5 3. Nd2 Nf6 4. Bd3 c5 5. e5 Nfd7 6. c3 Nc6 7. Ne2 cxd4 8. cxd4
f6 9. Nf4 Nxd4 10. Qh5+ Ke7 11. Ng6+ hxg6 12. exf6+ Nxf6 13. Qxh8 Kf7 14. O-O
e5 15. Nb3 Nxb3 16. axb3 Bf5 17. Bxf5 gxf5 18. Bg5 Bc5 19. Qh3 g6 20. Kh1 Qh8
21. Qd3 Rd8 22. Bxf6 Qxf6 23. f3 f4 24. Ra5 Qd6 25. Rd1 Rd7 26. Rc1 b6 27.
Rcxc5 bxa5 28. Rxa5 Rc7 29. g3 fxg3 30. hxg3 Rc1+ 31. Kg2 Qc6 32. Rxd5 Qc2+ 33.
Qd2 Qc6 34. Rd7+ Ke6 35. Rd6+ Qxd6 36. Qxc1 Kf6 37. Qc3 Qd1 38. Kf2 Qh1 39.
Qc6+ Kf5 40. g4+ 1-0

[Event "HZ Chess Tournament 2019"]
[Site "Vlissingen"]
[Date "2019.08.08"]
[Round "7.20"]
[White "Le Clercq, Maxim"]
[Black "Sparenberg, Erik"]
[Result "1/2-1/2"]
[WhiteElo "1970"]
[BlackElo "2146"]
[PlyCount "114"]
[EventCountry "NED"]

1. d4 d6 2. e4 Nf6 3. Nc3 g6 4. f4 Bg7 5. Nf3 O-O 6. Bd3 c5 7. dxc5 dxc5 8. O-O
Nc6 9. Kh1 Nb4 10. Be2 b6 11. e5 Qxd1 12. Rxd1 Ng4 13. Rd2 Ne3 14. Ne1 Bf5 15.
Bf3 Rab8 16. Ne4 Nc4 17. Re2 Rbd8 18. b3 Rd1 19. bxc4 Nxc2 20. Nc3 Rxe1+ 21.
Rxe1 Nxe1 22. Nd5 e6 23. Ne7+ Kh8 24. Nxf5 gxf5 25. Bh5 Nc2 26. Rb1 f6 27. exf6
Bxf6 28. Kg1 Rd8 29. Kf2 Kg7 30. Rb3 Rd4 31. Be2 Rd7 32. g4 Bd4+ 33. Kg3 fxg4
34. Kxg4 Kf6 35. Rh3 Rg7+ 36. Kf3 Nb4 37. a3 Nc2 38. Rh6+ Ke7 39. Ke4 Bf6 40.
Bd3 Nd4 41. Bb2 Kf7 42. Bxd4 Bxd4 43. Kf3 Bb2 44. a4 Bc1 45. Rxh7 Rxh7 46. Bxh7
Bb2 47. Bd3 Bg7 48. Ke4 a5 49. Be2 Kf6 50. Bg4 Bh6 51. h3 Bf8 52. f5 exf5+ 53.
Bxf5 Bh6 54. Bg4 Bd2 55. Kd5 Bb4 56. Kc6 Kg5 57. Kxb6 Kh4 1/2-1/2

[Event "HZ Chess Tournament 2019"]
[Site "Vlissingen"]
[Date "2019.08.08"]
[Round "7.21"]
[White "Mijnster, Niels"]
[Black "De Boer, Robert"]
[Result "1-0"]
[WhiteElo "2139"]
[BlackElo "1976"]
[PlyCount "71"]
[EventCountry "NED"]

1. d4 d5 2. Nf3 Nf6 3. c4 e6 4. Bg5 Be7 5. Nc3 c6 6. e3 O-O 7. Rc1 Nbd7 8. Bd3
Re8 9. O-O Nf8 10. Ne5 Ng6 11. f4 dxc4 12. Bxc4 Nd5 13. Bxe7 Qxe7 14. Qd3 Bd7
15. a3 Red8 16. Ne4 Be8 17. Ba2 f6 18. Nf3 Nf8 19. Ng3 Bg6 20. f5 exf5 21. Nh4
Kh8 22. Ngxf5 Qd7 23. Rf3 Ne7 24. Rcf1 Nxf5 25. Nxf5 Ne6 26. h4 Nc7 27. g4 Nd5
28. h5 Bxf5 29. Rxf5 g6 30. hxg6 hxg6 31. R5f2 Kg7 32. e4 Ne7 33. e5 f5 34.
gxf5 Nxf5 35. Rf4 Qe7 36. Rg4 1-0

[Event "HZ Chess Tournament 2019"]
[Site "Vlissingen"]
[Date "2019.08.08"]
[Round "7.22"]
[White "Wagenvoorde, Guido"]
[Black "Westerweele, Henrik"]
[Result "0-1"]
[WhiteElo "2128"]
[BlackElo "1961"]
[PlyCount "78"]
[EventCountry "NED"]

1. d4 e6 2. c4 f5 3. g3 Nf6 4. Bg2 Be7 5. Nf3 d6 6. O-O O-O 7. Nc3 Qe8 8. b3
Qg6 9. Ba3 Re8 10. Qc2 Nbd7 11. d5 Ne5 12. Nh4 Qh5 13. dxe6 Bxe6 14. f4 Neg4
15. Bf3 Ne4 16. h3 Nxg3 17. hxg4 fxg4 18. Bxb7 Qxh4 19. Rf2 Nf5 20. Qd3 g3 21.
Rg2 Qxf4 22. Nd5 Qe5 23. Rf1 Rab8 24. Bc6 Bg5 25. e4 Nd4 26. Bb2 Bh3 27. Bxd4
Bxg2 28. Bxe5 Bxf1 29. Qxf1 Rxe5 30. Nxc7 Be3+ 31. Kg2 Rf8 32. Qd1 Rf2+ 33.
Kxg3 Rg5+ 34. Kh3 Bf4 35. Qd5+ Rxd5 36. Bxd5+ Kh8 37. Kg4 g6 38. Be6 h5+ 39.
Kh4 Kh7 0-1

[Event "HZ Chess Tournament 2019"]
[Site "Vlissingen"]
[Date "2019.08.08"]
[Round "7.23"]
[White "Merbis, Max"]
[Black "Verbruggen, Samuel"]
[Result "1-0"]
[WhiteElo "2103"]
[BlackElo "1960"]
[PlyCount "65"]
[EventCountry "NED"]

1. d4 Nf6 2. c4 e6 3. Nc3 Bb4 4. f3 d5 5. a3 Bxc3+ 6. bxc3 c5 7. cxd5 Nxd5 8.
dxc5 Qa5 9. e4 Ne7 10. Be3 Nd7 11. Qb3 Nc6 12. Bb5 Qc7 13. Rd1 O-O 14. Ne2 Nce5
15. Qb4 b6 16. cxb6 axb6 17. O-O Bb7 18. f4 Nc6 19. Qd6 Qxd6 20. Rxd6 Ndb8 21.
a4 Na5 22. Ng3 h5 23. f5 h4 24. fxe6 hxg3 25. e7 gxh2+ 26. Kxh2 Nbc6 27.
exf8=Q+ Kxf8 28. Bxb6 Ke7 29. Rd5 f6 30. Rfd1 Ne5 31. Rxe5+ fxe5 32. Bxa5 Bxe4
33. Bb4+ 1-0

[Event "HZ Chess Tournament 2019"]
[Site "Vlissingen"]
[Date "2019.08.08"]
[Round "7.24"]
[White "Weber, Dirk"]
[Black "Van der Borgt, Peter"]
[Result "1-0"]
[WhiteElo "2227"]
[BlackElo "1938"]
[PlyCount "105"]
[EventCountry "NED"]

1. c4 c6 2. Nf3 Nf6 3. e3 g6 4. b3 Bg7 5. Bb2 O-O 6. Qc2 d6 7. d3 e5 8. Nbd2
Re8 9. Be2 Nbd7 10. O-O b6 11. Rfe1 Bb7 12. d4 Qc7 13. Rad1 c5 14. dxe5 dxe5
15. Ng5 Rad8 16. Bf3 h6 17. Bxb7 Qxb7 18. Nge4 Qc6 19. f3 Qc7 20. Re2 Qc6 21.
Nf2 Nb8 22. Nf1 Qe6 23. Red2 Rxd2 24. Rxd2 Nc6 25. Qd1 Bf8 26. Ng3 Be7 27. Nge4
Rd8 28. Nxf6+ Bxf6 29. Rd5 h5 30. a3 Qe7 31. Bc3 Rxd5 32. Qxd5 Qe6 33. Nd3 Kg7
34. b4 cxb4 35. axb4 Qf5 36. e4 Qe6 37. Qxe6 fxe6 38. Kf2 Kf7 39. Ke1 g5 40.
Kd1 Ke7 41. b5 Nd4 42. Bxd4 exd4 43. e5 Bg7 44. g4 hxg4 45. fxg4 Kd7 46. Ke2
Bf8 47. Ne1 Ba3 48. Nf3 Bc1 49. Nxd4 Bf4 50. Nf3 Kc7 51. Kd3 Kb7 52. Ke4 Bc1
53. Nd4 1-0

[Event "HZ Chess Tournament 2019"]
[Site "Vlissingen"]
[Date "2019.08.08"]
[Round "7.25"]
[White "Hendrikse, Ad"]
[Black "De Wilde, Rik"]
[Result "1/2-1/2"]
[WhiteElo "1925"]
[BlackElo "2169"]
[PlyCount "29"]
[EventCountry "NED"]

1. e4 e6 2. d4 d5 3. Nc3 Bb4 4. Bd2 dxe4 5. Qg4 Nf6 6. Qxg7 Rg8 7. Qh6 Bd7 8.
O-O-O Bc6 9. f3 exf3 10. Nxf3 Nbd7 11. Ne5 Bf8 12. Nxc6 Bxh6 13. Nxd8 Bxd2+ 14.
Rxd2 Rxd8 15. d5 1/2-1/2

[Event "HZ Chess Tournament 2019"]
[Site "Vlissingen"]
[Date "2019.08.08"]
[Round "7.26"]
[White "Elgersma, Simon"]
[Black "Snijders, Frans"]
[Result "1-0"]
[WhiteElo "2128"]
[BlackElo "1876"]
[PlyCount "49"]
[EventCountry "NED"]

1. e4 e5 2. Nf3 Nc6 3. Bb5 a6 4. Ba4 Nf6 5. d3 Bc5 6. O-O d6 7. c3 b5 8. Bc2
Bb6 9. a4 b4 10. Nbd2 bxc3 11. bxc3 Ba5 12. Ra3 Be6 13. d4 exd4 14. cxd4 d5 15.
e5 Nd7 16. Nb3 Bb4 17. Ng5 Qe7 18. Ra1 g6 19. f4 h6 20. Nxe6 Qxe6 21. f5 gxf5
22. Bxf5 Qe7 23. Qc2 Nd8 24. Qxc7 Ne6 25. Qc6 1-0

[Event "HZ Chess Tournament 2019"]
[Site "Vlissingen"]
[Date "2019.08.08"]
[Round "7.27"]
[White "Boerkamp, Harry"]
[Black "Zwirs, Jasper"]
[Result "0-1"]
[WhiteElo "1915"]
[BlackElo "2110"]
[PlyCount "112"]
[EventCountry "NED"]

1. e4 c5 2. d4 cxd4 3. c3 dxc3 4. Nxc3 Nc6 5. Nf3 d6 6. Bc4 a6 7. O-O Nf6 8.
Qe2 Bg4 9. Rd1 Bxf3 10. Qxf3 Ne5 11. Qe2 Nxc4 12. Qxc4 e6 13. Bf4 Be7 14. Qb4
a5 15. Qxb7 Rb8 16. Qc6+ Qd7 17. Qxd7+ Nxd7 18. b3 Ne5 19. Rac1 O-O 20. f3 Rfc8
21. Be3 Kf8 22. Kf2 Ke8 23. Ke2 Rc6 24. Na4 Rbc8 25. Nb6 Rc2+ 26. Rxc2 Rxc2+
27. Rd2 Rc6 28. f4 Ng4 29. Nc4 Nxe3 30. Nxe3 Kd7 31. Nc4 Ra6 32. Kd3 g6 33. Kd4
f6 34. Rc2 Bd8 35. Kd3 Bc7 36. g3 Bb8 37. Ne3 f5 38. exf5 gxf5 39. Nc4 e5 40.
fxe5 dxe5 41. Rf2 Ke6 42. Rc2 Ba7 43. Ke2 Bd4 44. Kf3 Kd5 45. Ne3+ Bxe3 46.
Kxe3 a4 47. bxa4 Rxa4 48. Rd2+ Ke6 49. Rb2 Ra3+ 50. Ke2 Kf6 51. Kf2 Kg5 52. h3
e4 53. Kg2 h5 54. h4+ Kg4 55. Rf2 Rxg3+ 56. Kh2 Ra3 0-1

[Event "HZ Chess Tournament 2019"]
[Site "Vlissingen"]
[Date "2019.08.08"]
[Round "7.28"]
[White "Coenen, Eduard"]
[Black "Van Haaften, Maarten"]
[Result "0-1"]
[WhiteElo "2101"]
[BlackElo "1870"]
[PlyCount "70"]
[EventCountry "NED"]

1. d4 f5 2. Bf4 Nf6 3. e3 g6 4. h3 Bg7 5. g4 d5 6. g5 Nfd7 7. Nf3 Nc6 8. Nc3 e6
9. Nb5 e5 10. dxe5 a6 11. Nc3 Nb6 12. h4 Qe7 13. a3 Be6 14. Ne2 Bf7 15. a4
O-O-O 16. a5 Nc4 17. Ned4 N4xe5 18. Nxc6 Nxc6 19. c3 d4 20. cxd4 Nxd4 21. Bg2
Qb4+ 22. Nd2 Bb3 23. Qc1 Nc6 24. Bh2 f4 25. Bh3+ Rd7 26. Ra3 fxe3 27. fxe3
Qxh4+ 28. Ke2 Qxh3 29. Qf1 Nd4+ 30. Kf2 Qh4+ 31. Bg3 Rf8+ 32. Kg2 Bd5+ 33. Nf3
Bxf3+ 34. Qxf3 Qxh1+ 35. Kxh1 Nxf3 0-1

[Event "HZ Chess Tournament 2019"]
[Site "Vlissingen"]
[Date "2019.08.08"]
[Round "7.29"]
[White "Van Liempt, Michael"]
[Black "Boecker, Juergen"]
[Result "1/2-1/2"]
[WhiteElo "2091"]
[BlackElo "1858"]
[PlyCount "41"]
[EventCountry "NED"]

1. e4 e5 2. Nf3 Nf6 3. Nxe5 d6 4. Nf3 Nxe4 5. Nc3 Nxc3 6. dxc3 Be7 7. Be3 Nc6
8. Qd2 Be6 9. Nd4 Qd7 10. Bd3 Bf6 11. O-O Ne5 12. Bb5 c6 13. Nxe6 Qxe6 14. Be2
O-O 15. Rfe1 Rfd8 16. Bg5 Bxg5 17. Qxg5 Qg6 18. Qd2 d5 19. Rad1 Re8 20. b3 Qf6
21. h3 1/2-1/2

[Event "HZ Chess Tournament 2019"]
[Site "Vlissingen"]
[Date "2019.08.08"]
[Round "7.30"]
[White "Van der Zalm, Marnix"]
[Black "Lukas, Anne"]
[Result "1-0"]
[WhiteElo "2062"]
[BlackElo "1842"]
[PlyCount "95"]
[EventCountry "NED"]

1. g3 c5 2. Bg2 g6 3. f4 e6 4. Nf3 d5 5. O-O Bg7 6. d3 Ne7 7. c3 Nbc6 8. Qe1
O-O 9. e4 b5 10. e5 b4 11. Be3 bxc3 12. bxc3 Ba6 13. Qe2 d4 14. cxd4 cxd4 15.
Bf2 Rc8 16. Nbd2 Nb4 17. Ne1 Rc3 18. Be4 Nf5 19. Ndf3 Qd7 20. a3 Qa4 21. Nxd4
Nxd4 22. Bxd4 Rxa3 23. Rxa3 Qxa3 24. Bxa7 Bxd3 25. Qe3 Rd8 26. Nxd3 Bf8 27.
Nxb4 Qxb4 28. Rb1 Qa4 29. Bf3 Qa2 30. Re1 Bb4 31. Re2 Qa1+ 32. Kg2 h5 33. Bc5
Bc3 34. Rc2 Bd4 35. Bxd4 Rxd4 36. Rd2 Rb4 37. Qd3 Rb8 38. Rd1 Qa7 39. Rd2 h4
40. Be4 hxg3 41. hxg3 Kg7 42. g4 Rb4 43. f5 exf5 44. gxf5 gxf5 45. Qg3+ Kf8 46.
Rd8+ Ke7 47. Qg5+ Ke6 48. Qf6# 1-0

[Event "HZ Chess Tournament 2019"]
[Site "Vlissingen"]
[Date "2019.08.08"]
[Round "7.31"]
[White "Hng, Mei-En Emmanuelle"]
[Black "Kunnavakkam, Sudarshanagop"]
[Result "1/2-1/2"]
[WhiteElo "2026"]
[BlackElo "1744"]
[PlyCount "141"]
[EventCountry "NED"]

1. e4 c5 2. Nf3 e6 3. d4 cxd4 4. Nxd4 a6 5. Bd3 Bc5 6. Nb3 Ba7 7. Qe2 d6 8. c4
Nc6 9. O-O Nf6 10. Nc3 O-O 11. Bg5 Ne5 12. Rad1 h6 13. Bh4 Ng6 14. Bg3 Qe7 15.
e5 dxe5 16. Bxg6 fxg6 17. Bxe5 Qf7 18. c5 Bd7 19. Bd6 Rfc8 20. Na5 Bxc5 21.
Nxb7 Bb5 22. Nxb5 Qxb7 23. Qxe6+ Kh7 24. Bxc5 Rxc5 25. Nd6 Qxb2 26. Ne4 Nxe4
27. Qxe4 Rac8 28. Rd6 Rc1 29. Qxg6+ Kh8 30. Rdd1 Rxd1 31. Rxd1 Qxa2 32. Qd6 a5
33. h4 Qf7 34. Ra1 Rf8 35. Qc5 Ra8 36. Rxa5 Rxa5 37. Qxa5 Qe7 38. h5 Qe8 39. g3
Qe2 40. Qa8+ Kh7 41. Qd5 Qg4 42. Kg2 Kh8 43. Qd8+ Kh7 44. Qe8 Qf5 45. f3 Qc2+
46. Kg1 Qc5+ 47. Kf1 Qc1+ 48. Qe1 Qg5 49. g4 Qb5+ 50. Qe2 Qg5 51. Qe4+ Kg8 52.
Ke2 Qb5+ 53. Ke3 Qc5+ 54. Kd3 Qa3+ 55. Kd4 Qa1+ 56. Kc5 Qa5+ 57. Kc6 Qa8+ 58.
Kd6 Qd8+ 59. Kc5 Qa5+ 60. Kd4 Qa1+ 61. Ke3 Qc1+ 62. Kf2 Qc5+ 63. Kg3 Qd6+ 64.
f4 Qd1 65. Kh4 Qg1 66. g5 Qh2+ 67. Kg4 Qg1+ 68. Kf5 Qc5+ 69. Kg4 Qg1+ 70. Kf5
Qc5+ 71. Kg4 1/2-1/2

[Event "HZ Chess Tournament 2019"]
[Site "Vlissingen"]
[Date "2019.08.08"]
[Round "7.32"]
[White "Morssink, Pieter Jan"]
[Black "Skutta, Bernd"]
[Result "0-1"]
[WhiteElo "1918"]
[BlackElo "2007"]
[PlyCount "94"]
[EventCountry "NED"]

1. Nf3 d6 2. g3 e5 3. d3 Nc6 4. Bg2 Be7 5. c3 Nf6 6. Nbd2 Bd7 7. e4 Qc8 8. Nc4
O-O 9. O-O Bh3 10. Ne3 Bxg2 11. Kxg2 g6 12. Ng1 Qd7 13. c4 Nd4 14. f4 c6 15.
Nf3 exf4 16. gxf4 Ne6 17. f5 Nf4+ 18. Kh1 N6h5 19. Ng4 g5 20. Be3 f6 21. h4
Ng3+ 22. Kh2 Nxf1+ 23. Qxf1 h5 24. Nf2 Kh7 25. Bxf4 gxf4 26. Nd4 Rg8 27. Ne6 d5
28. Qe2 Kh6 29. Nxf4 Qe8 30. Ng6 Bd6+ 31. Kh1 Rxg6 32. fxg6 Qe5 33. Qe3+ Kxg6
34. Kg2 Qh2+ 35. Kf1 Qxh4 36. Ke2 Qg5 37. Qf3 Kf7 38. Rh1 h4 39. Qh3 Bg3 40.
Qd7+ Kg6 41. Rf1 dxc4 42. d4 Qf4 43. Qe6 Qd6 44. Qg4+ Kh6 45. e5 Re8 46. Ne4
Rxe5 47. dxe5 Qd3# 0-1

[Event "HZ Chess Tournament 2019"]
[Site "Vlissingen"]
[Date "2019.08.08"]
[Round "7.33"]
[White "Hoffman, Ron"]
[Black "De Feijter, Niels"]
[Result "1-0"]
[WhiteElo "1987"]
[BlackElo "1733"]
[PlyCount "141"]
[EventCountry "NED"]

1. d4 c6 2. Bf4 d5 3. e3 Bf5 4. c4 dxc4 5. Bxc4 e6 6. Nf3 Nd7 7. O-O Ngf6 8.
Nc3 Be7 9. h3 h6 10. Qe2 O-O 11. e4 Bg6 12. e5 Ne8 13. Bb3 Nb6 14. Rac1 Nc7 15.
Ne4 Nbd5 16. Bh2 Rb8 17. Rfd1 Kh8 18. Nfd2 Nb6 19. Nf3 Ncd5 20. a3 Qd7 21. Nc5
Qc8 22. Nd2 Bg5 23. Nce4 Be7 24. Ba2 Qd8 25. Nf3 Rc8 26. Nc5 Rb8 27. Nd2 Bg5
28. Ra1 Nd7 29. Nce4 Be7 30. Nc4 N5b6 31. Ncd6 Nc8 32. Rac1 Nxd6 33. exd6 Bf6
34. Nc5 Re8 35. b4 Qc8 36. Qg4 Bf5 37. Qf3 a6 38. Bf4 Ra8 39. g4 Bg6 40. Kg2 e5
41. Bxh6 exd4 42. Re1 Ne5 43. Rxe5 Rxe5 44. Bf4 Rb8 45. Bxe5 Bxe5 46. d7 Qf8
47. Re1 f6 48. Rxe5 b6 49. Ne6 Qd6 50. Re1 Qxd7 51. Qg3 Re8 52. Qh4+ Bh7 53.
Nf4 g5 54. Rxe8+ Qxe8 55. Qh6 Qe4+ 56. Kg1 Qe1+ 57. Kg2 Qe4+ 58. Kf1 Qh1+ 59.
Ke2 Qe4+ 60. Kf1 Qh1+ 61. Ke2 Qe4+ 62. Kd1 Qc2+ 63. Ke1 Qe4+ 64. Ne2 Qe7 65.
Bb1 c5 66. bxc5 bxc5 67. Bxh7 Qxh7 68. Qxf6+ Kg8 69. Qd8+ Kf7 70. Qd7+ Kg6 71.
Qf5+ 1-0

[Event "HZ Chess Tournament 2019"]
[Site "Vlissingen"]
[Date "2019.08.08"]
[Round "7.34"]
[White "Veer Sethi"]
[Black "Galle, Andre"]
[Result "*"]
[WhiteElo "1575"]
[BlackElo "1983"]
[PlyCount "44"]
[EventCountry "NED"]

1. e4 e6 2. d4 d5 3. Nc3 Bb4 4. e5 c5 5. Bd2 Ne7 6. Nb5 Bxd2+ 7. Qxd2 O-O 8. f4
a6 9. Nd6 Nd7 10. Nf3 f6 11. O-O-O Nc6 12. Kb1 b5 13. c3 Qb6 14. Bd3 b4 15. c4
Nxd4 16. Nxd4 cxd4 17. cxd5 fxe5 18. Nc4 Qd8 19. dxe6 Nc5 20. Qxb4 Nxd3 21.
Rxd3 Bxe6 22. Nxe5 Rxf4 *

[Event "HZ Chess Tournament 2019"]
[Site "Vlissingen"]
[Date "2019.08.08"]
[Round "7.35"]
[White "Timmermans, Adri"]
[Black "Van Doren, Bas"]
[Result "0-1"]
[WhiteElo "1860"]
[BlackElo "1976"]
[PlyCount "120"]
[EventCountry "NED"]

1. e4 c5 2. Nf3 e6 3. d4 cxd4 4. Nxd4 a6 5. c4 Nf6 6. Nc3 Qc7 7. Nc2 b6 8. Bd3
Nc6 9. O-O Ne5 10. Qe2 Nxd3 11. Qxd3 Be7 12. f4 d6 13. Be3 Bb7 14. Nd4 Rc8 15.
Rac1 O-O 16. b3 Ng4 17. Na4 Nxe3 18. Qxe3 Rb8 19. Nf3 Ba8 20. Rfe1 Qb7 21. Qe2
Rfc8 22. Rcd1 b5 23. Nb2 Bd8 24. cxb5 axb5 25. Kh1 Ba5 26. Rf1 Qxe4 27. Qxe4
Bxe4 28. Rxd6 Rc2 29. Nd3 g6 30. Nde5 Rbc8 31. Nd7 Bxf3 32. gxf3 Rxa2 33. Rfd1
Rcc2 34. h3 Rh2+ 35. Kg1 Rxh3 36. Ra6 Rg3+ 37. Kh1 Rd2 38. Rxd2 Bxd2 39. Nf6+
Kg7 40. Ne4 Rxf3 41. Nxd2 Rxf4 42. Kg2 Rd4 43. Ra2 Rd3 44. Kf2 h5 45. Ke2 Rd5
46. Ra5 f5 47. Ke3 Kf6 48. Nf3 g5 49. Nd4 f4+ 50. Ke4 Re5+ 51. Kd3 g4 52. Rxb5
Re3+ 53. Kd2 h4 54. Rh5 h3 55. b4 e5 56. Ne2 Rb3 57. b5 Rxb5 58. Nxf4 exf4 59.
Rxb5 h2 60. Rb1 g3 0-1